1527 1887 1499 1319 1181 1233 1398 1882 1994 1969 1025 1430 1670 1845 1321 1673 1218 1205 1890 1668 1760 1159 1753 1821 1986 1127 1225 1075 1143 1974 1657 1313 1204 1593 1043 1164 1161 1960 1365 1661 1569 1361 1346 1690 1357 1955 1309 1889 1787 1608 1743 1632 1095 1818 1373 1812 1266 1737 1610 1102 1089 1981 1324 1912 1352 1942 1291 1998 1165 1848 1294 1480 1833 1173 1644 1409 1332 1131 1260 1768 1563 1706 1282 1240 1520 1987 1748 1375 1684 1021 1824 1060 1822 1813 1235 1694 1289 1652 1104 BCNSPRNW ULIB Ver.6.0+V

เปลี่ยนเป็นภาษาไทย

Change to English
 แสดงรายละเอียดบรรณานุกรม
  กลับหน้าหลัก

Brief Record : Get Marc (ISO 2709) : E-mail record : QR code < ปิดหน้าต่าง
LEADER : 00000nam 2200000uu 4500
001    13399119996
003     ULIB
008    120821s2555||||th 000 0 tha d
020    ^a9786165510837(ล.2)
060 04 ^aWL100^bณ259B ล.2
245 00 ^aBasic and clinical neuroscience 2 /^cบรรณาธิการ, ณัฐพสุธารชาติ, อรอุมา ชุติเนตร, นิจศรี ชาญณรงค์
250    ^aพิมพ์ครั้งที่ 2
260    ^aกรุงเทพฯ :^bสาขาวิชาประสาทวิทยา ภาควิชาอายุรศาสตร์คณะแพทยศาสตร์ จุฬาลงกรณ์มหาวิทยาลัย,^c2555
300    ^a296 หน้า :^bภาพประกอบ ;^c26 ซม.
650  7 ^aประสาทวิทยา
650  7 ^aประสาทวิทยาศาสตร์
700 0  ^aณัฐ พสุธารชาติ,^eบรรณาธิการ
700 0  ^aอรอุมา ชุติเนตร,^eบรรณาธิการ
700 0  ^aนิจศรี ชาญณรงค์,^eบรรณาธิการ
710 2  ^aจุฬาลงกรณ์มหาวิทยาลัย. ^bคณะแพทยศาสตร์.^bภาควิชาอายุรศาสตร์. ^bสาขาวิชาประสาทวิทยา
945    ^p350^l0^i19293
945    ^p350^l0^i17752
995    ^a เกษร
999 ^a ใช้งานได้ทุกระบบ
รายการนี้ยังไม่มีแท็ก
คุณยังไม่ได้ล็อกอิน คุณสามารถมีกิจกรรมร่วมกับเว็บไซต์ได้ แต่ต้องล็อกอินก่อน ::
  ล็อกอิน

รายการสื่อสารสนเทศ

ลำดับที่ ประเภท เลขเรียก/บาร์โค้ด สถานที่ สถานะ
1. วิทยาศาสตร์การแพทย์ และสุขภาพ
วิทยาศาสตร์การแพทย์ และสุขภาพ
สถานะ=หนังสือเก่า
WL100 ณ259B ล.2 ฉ.1 
  Barcode: 17752
ห้องสมุดวิทยาเขตนครสวรรค์
►ส่วนจัดเก็บหนังสือเก่า นว.
บนชั้น
  ขอยืม

รายการใกล้เคียง
    หัวเรื่อง [ประสาทวิทยา]
    หัวเรื่อง [ประสาทวิทยาศาสตร์]

BibComment


ยังไม่เคยถูกคอมเมนท์

คอมเมนท์ทรัพยากรรายการนี้
  คอมเมนท์: Basic and clinic..


 Copyright 2026. Bcnsprnw @Library